[Event "EU-ch 4th"]
[Site "Istanbul"]
[Date "2003.06.12"]
[Round "12"]
[White "Avrukh, Boris"]
[Black "Bologan, Viktor"]
[Result "1/2-1/2"]
[WhiteElo "2586"]
[BlackElo "2663"]
[Annotator "Stohl,I"]
[PlyCount "149"]
[EventDate "2003.05.30"]
[EventType "swiss"]
[EventRounds "13"]
[EventCountry "TUR"]
[SourceTitle "CBM 096"]
[Source "ChessBase"]
[SourceDate "2003.09.25"]
[SourceVersion "1"]
[SourceVersionDate "2003.09.25"]
[SourceQuality "1"]

1. d4 Nf6 2. c4 g6 3. Nf3 Bg7 4. g3 O-O 5. Bg2 d6 6. Nc3 Nc6 7. O-O a6 8. e4 {
Krasenkow and Nikolic experimented with this alternative some time ago, but
roads to <=> and equality have been found since. The immediate central
expansion allows a rather unpleasant pin, d4 becomes vulnerable.} Bg4 9. Be3 (
9. h3 Bxf3 10. Bxf3 e5 11. dxe5 dxe5 12. Be3 Nd4 13. Bg2 Qe7 $6 (13... Nd7 $1
$11) 14. Bxd4 Rfd8 15. Nd5 Nxd5 16. cxd5 exd4 17. Rc1 $36 {[%csl Gd5,Ge4][%cal
Gc1c7] <->c,[+]} c6 18. dxc6 bxc6 19. Qd3 Qb4 20. Rc2 a5 21. Rfc1 Qa4 22. e5
Ra7 23. Rxc6 Qxa2 24. Rd6 Re8 25. Qb5 {1-0,Harikrishna,P-Guseinov,K/
Nakhichevan WchJ/2003/}) 9... Nd7 10. Ne2 ({Innocuous is} 10. Qd2 Na5 $1 (10...
Bxf3 11. Bxf3 e5 12. d5 Nd4 13. Bg2 c5 14. dxc6 bxc6 15. b4 Rc8 16. Rfc1 Qe7
17. Rab1 Qe6 18. Qd3 Nb6 19. Bxd4 exd4 20. Ne2 c5 21. Nf4 Qe5 22. Qa3 $14 {
Nikolic,P-Polgar,J/Wijk aan Zee/2000/}) 11. b3 c5 12. Rab1 Bxf3 13. Bxf3 Nc6
14. Ne2 e5 $1 15. dxc5 dxc5 16. Nc3 Nd4 17. Bg2 b5 18. cxb5 Qa5 19. Nd5 Qxd2
20. Bxd2 axb5 21. Rb2 Ra3 22. Be3 Rfa8 23. Bh3 Nf6 $11 {1/2,Tunik,G-Motylev,A/
RUS-ch Samara/2000/}) 10... Na5 $1 {[%mdl 4] Even here this is the most
effective move. Bologan solves Black's opening problems in a model way.} (10...
e5 $143 11. d5 Ne7 12. Ne1 Bxe2 13. Qxe2 f5 14. f3 Kh8 15. Nd3 Ng8 16. c5 fxe4
17. fxe4 Bh6 18. Bh3 Qe7 19. Rxf8 Rxf8 20. b4 Bxe3+ 21. Qxe3 $36 {Krasenkov,
M-Socko,B/POL-ch Warsaw/2001/}) 11. Rc1 (11. Nd2 c5 12. f3 cxd4 13. Nxd4 e5 14.
Nc2 Be6 15. b3 Nc6 $13 {1/2,Mikhalchishin,A-Manik,M/Mitropa Cup/2002/}) 11...
c5 12. b3 Nc6 (12... cxd4 13. Nfxd4 $14) 13. d5 Nb4 $5 {Black only seemingly
loses his N, due to tactical possibilities he gets play on the <<.} (13... Nce5
$6 14. Ne1 $1 Nf6 15. f4 Ned7 16. h3 Bxe2 17. Qxe2 $16 {[%csl Gc4,Gd5,Ge4,Gf4]
[+]()}) 14. a3 {White should attack the N immediately.} (14. Qd2 Qa5 $142 $5 (
14... b5 $132) (14... Nd3 15. Rcd1 b5 16. cxb5 Bxf3 (16... axb5 17. Qxd3 Bxf3
18. Bxf3 Ne5 19. Qxb5 Nxf3+ 20. Kg2 Ne5 21. Nc1 $14) 17. Bxf3 N3e5 18. Bg2 axb5
19. h3 Nb8 20. f4 Ned7 21. Nc1 Qa5 (21... Ra3 $5 22. Qe2) 22. Qe2 Na6 23. e5
Nb4 24. e6 Nf6 25. exf7+ Rxf7 26. Rf2 Re8 27. Bd2 Nd7 28. Kh1 Qb6 29. Bxb4 cxb4
30. h4 Nc5 31. Rff1 Bc3 32. Nd3 Kg7 33. Bh3 $14 {Lomineishvili,M-Paehtz,E/BL-W/
2002/}) 15. a4 b5 $36) 14... Bxf3 $146 ({Perhaps even more flexible is} 14...
Nd3 15. Rc2 (15. Qxd3 Bxf3 16. Bxf3 Ne5 $11) 15... b5 $5 16. cxb5 (16. Ne1 Nxe1
17. Qxe1 bxc4 18. bxc4 Bxe2 19. Qxe2 Qa5 20. Bh3 Nb6 21. Qd3 Rab8 22. Bd2 Qa4
23. Rb1 Nd7 $15 {Hallmark,A-Penrose,J/York/1959/}) 16... axb5 (16... Bxf3 17.
Bxf3 N3e5 18. Bg2 axb5 $132) 17. Qxd3 Bxf3 18. Bxf3 Ne5 19. Qxb5 Nxf3+ 20. Kg2
Rb8 $11) 15. Bxf3 Nd3 16. Rc2 (16. Qxd3 Ne5 17. Qc2 Nxf3+ 18. Kg2 Ne5 $11 {
/\b5<=>}) 16... b5 17. Nc3 (17. cxb5 {-14...Nd3}) 17... bxc4 18. bxc4 Nb2 $1 (
18... N3e5 19. Be2 Nb6 20. Nb1 Rb8 21. f4 Ned7 22. Nc3 {[%cal Yd1d3,Yf1b1] /
\Qd3,Rb1+/=}) 19. Rxb2 (19. Qe2 Qa5 $1 (19... Ne5 20. Rxb2 Nxf3+ 21. Qxf3 Bxc3
22. Rb7 $36) 20. Rxb2 Qxc3 $15) 19... Bxc3 20. Rb7 (20. Rb3 Qa5 $132) 20... Rb8
21. Qb3 (21. Ra7 Ne5 22. Bh6 Qa5 $5 23. Rxe7 (23. Bxf8 Kxf8 {[%csl Ra7] צa7})
23... Rfe8 24. Rxe8+ Rxe8 $132 {/=/+}) (21. Rxb8 $142 Qxb8 22. Qc2 (22. Qd3 Qb2
23. Bc1 Qb3 {/\} 24. Bd1 Ne5 $36) 22... Qb2 $1 $11) 21... Qa5 $1 {[%cal Yc3d2,
Yd7b6] /\Bd2,Nb6} (21... Bd4 22. Bh6 Re8 23. Rxb8 Qxb8 24. Rb1 $14) 22. Bh6 Bg7
23. Bg5 Rfe8 $5 (23... Bf6 24. Bxf6 exf6 $11) 24. Kg2 (24. Rb1 $2 h6 $1 (24...
Rxb7 25. Qxb7 Rb8 $4 26. Qxb8+ Nxb8 27. Rxb8+ Bf8 28. Bh6 $18) 25. Qd1 hxg5 26.
Rxd7 Rxb1 27. Qxb1 Qxa3 $17) 24... h6 25. Be3 Nb6 26. Rxb8 Rxb8 27. Rb1 Nd7 28.
Qd3 Rxb1 29. Qxb1 Bd4 $6 {Now White holds the _|_, more ambitious was} (29...
Qxa3 30. Qb7 Ne5 31. Qxe7 (31. Be2 $2 Qa2 $1 32. Bf1 Qc2 $40) 31... Bf8 $5 (
31... Nxc4 32. Qe8+ Kh7 33. Bf4 $44) 32. Qe8 Qd3 $15) 30. Bxd4 (30. Bxh6 Qxa3 {
[%csl Ga6][%cal Ra3b4] /\Qb4,o^a} 31. Bd2 $1 a5 $13 (31... Ne5 32. Be2 $14))
30... cxd4 31. Qb4 Qc5 (31... Qc7 32. Be2 Nc5 33. Qd2 Nxe4 34. Qxd4 Nc5 35. Qe3
$11) 32. Be2 {Black has a better minor piece, but he can't make any inroads.}
a5 (32... e5 33. dxe6 fxe6 34. Qb7 Ne5 35. Qe7 $11 {<=>}) (32... Ne5 $6 33.
Qxc5 dxc5 34. f4 Nd7 35. e5 $36) 33. Qb5 $1 (33. Qxc5 $2 Nxc5 34. f3 Na4 $17)
33... Qa7 {[%cal Rd7c5]} (33... Qc7 34. Qb2 $11) (33... Qxb5 {leads to an _|_
as in the game.}) 34. Qb2 $1 {It's important not to allow Black to play Nc5
and support his o^d4} Nf6 35. f3 Nd7 36. f4 Qb6 37. Qb5 Qxb5 (37... Qc7 38. Qb2
Qc5 39. Qb5 $11) 38. cxb5 $11 Kf8 39. Bg4 Nc5 40. Kf3 (40. b6 Ke8 {can lead to
the same position.}) 40... Ke8 41. h4 Kd8 42. b6 (42. h5 gxh5 (42... Kc7 43.
Be6 $1 fxe6 44. hxg6 Nd7 45. dxe6 Nf6 46. a4 $44) 43. Bxh5 f6 $15) 42... f6 43.
Bh3 Na4 (43... d3 {-45...d3}) 44. Ke2 $1 (44. b7 Kc7 45. Bd7 Nc5 46. Be8 g5 $15
) 44... Nc5 45. Kf3 (45. h5 gxh5 46. Bf5 $11) 45... d3 46. Ke3 d2 47. Kxd2 (47.
Bg4 $5 Nxe4 48. Kxe4 f5+ 49. Kd3 fxg4 50. Kxd2 Kc8 51. Kc3 Kb7 52. Kc4 Kxb6 53.
a4 $11) 47... Nxe4+ 48. Ke3 Nxg3 49. Be6 Nh5 (49... g5 $6 50. fxg5 fxg5 51.
hxg5 hxg5 52. Bg4 $1 {[%cal Re3d3,Rd3b5] /\Kd3-c4-b5+/-}) (49... Nf5+ $2 50.
Bxf5 gxf5 51. Kd4 Kc8 52. Kc4 $18) 50. Bf7 f5 $5 {Black quickly activates his
offside N and simplifies into a drawn position.} (50... Ng7 51. Bxg6 (51. Kd4
g5 52. fxg5 fxg5 53. hxg5 hxg5 54. Ke4 g4 55. Bg6 (55. Kf4 $6 Nf5 $1) 55... e5
$15) 51... Kc8 52. Kd4 Kb7 53. f5 Kxb6 54. a4 $11 {[%csl Rg7] פg7}) 51. Bxg6
Nf6 52. Kd4 Kc8 53. Bxf5+ Kb7 54. Bg6 Kxb6 {[%cal Rb6b5] /\Kb5} 55. Kc4 $11 Ng4
56. Kd4 Nf6 (56... Kb5 57. Be8+ $11) 57. Kc4 Nd7 58. Bh5 Nf6 59. Bg6 Ng4 60.
Kd4 Kb7 61. Be8 Kb6 62. Bh5 Nf6 63. Be2 Ne8 64. Bh5 Nc7 65. a4 {Although Black
has managed to forced this move, he still can't penetrate into White's
position.} Na6 66. Bg6 Nc5 67. Bc2 Nd7 68. Be4 Kc7 69. Kc4 Nf6 70. Bf3 Kb6 71.
Kd4 Nd7 72. Bd1 Kc7 73. Be2 Kd8 74. Bd3 Nc5 75. Bc2 1/2-1/2

[Event "Nancy"]
[Site "Nancy"]
[Date "2005.02.16"]
[Round "4"]
[White "Bauer, Christian"]
[Black "Nijboer, Friso"]
[Result "0-1"]
[WhiteElo "2636"]
[BlackElo "2549"]
[Annotator "Stohl,I"]
[PlyCount "80"]
[EventDate "2005.02.14"]
[EventType "tourn"]
[EventRounds "9"]
[EventCountry "FRA"]
[EventCategory "10"]
[SourceTitle "CBM 106"]
[Source "ChessBase"]
[SourceDate "2005.06.06"]
[SourceVersion "1"]
[SourceVersionDate "2005.06.06"]
[SourceQuality "1"]

1. d4 Nf6 2. c4 g6 3. Nf3 Bg7 4. g3 O-O 5. Bg2 d6 6. O-O Nc6 7. Nc3 Rb8 8. Re1
a6 9. Rb1 Re8 ({The most principled continuation is the active} 9... Na5 $5 10.
Qa4 (10. Qd3 b5 $5 $132) 10... b6 11. c5 Bd7 12. Qa3 Nc4 13. Qxa6 b5 14. Nh4
dxc5 15. dxc5 c6 16. Bxc6 Qc7 17. Bxd7 Nxd7 18. Nxb5 Qxc5 $44 19. a4 (19. Rd1
$142 $5) 19... Qb4 20. Ng2 (20. Bf4 $1 Nc5 21. Qc6 $132) 20... Nc5 21. Qc6 Nxa4
$36 {San Segundo Carrillo,P-Shirov,A/Benidorm act/2002/}) 10. d5 $1 {After a
few quiet moves White is obliged to act, if he hopes to get something form the
opening.} (10. e4 $143 $6 e5 11. d5 Nd4 $1 $11) 10... Na5 11. Qd3 (11. Nd2 c5
12. a3 Ng4 13. Qc2 Ne5 14. b3 b5 {Karpov,A-Shirov,A/Monte Carlo act/1998/} 15.
cxb5 $5 axb5 16. b4 cxb4 17. axb4 Nac4 18. Nxc4 bxc4 19. Bf4 $14) 11... c5 12.
b3 {This prevents an immediate b5-advance.} (12. Bd2 b5 13. b3 (13. cxb5 c4 14.
Qc2 axb5 15. b4 cxb3 16. axb3 b4 17. Na2 Nxd5 $11) 13... bxc4 (13... e6 14.
dxe6 Bxe6 15. Ng5 Bf5 16. e4 Bc8 17. cxb5 axb5 18. Nxb5 Ba6 19. Qxd6 Nxb3 20.
Bf4 Qa5 21. axb3 Bxb5 22. e5 Rbd8 23. Qxc5 Nd7 24. b4 Qa6 25. Qc7 {1-0,Kveinys,
A-Kulaots,K/Mezezers zt/2000/}) 14. bxc4 Rxb1 15. Rxb1 Qc7 16. e4 Bd7 17. h3
Rb8 18. Bf1 Be8 19. Nd1 Rxb1 20. Qxb1 Nd7 21. Ne3 Nb7 22. Bd3 Qb6 23. Qb3 Qxb3
24. axb3 a5 25. Ne1 Nb6 26. Bc2 a4 $11 {Giua,F-Safranska,A/FRA-chT2/2002/})
12... Nd7 $5 $146 {[%mdl 8] An interesting novelty, which is not so passive,
as it seems. Black for the time being gives up the idea b5 and first wants to
activate his פa5.} ({It's not easy to achieve full equality after} 12... Bd7
13. a4 $14 Qc7 (13... e6 14. dxe6 Bxe6 15. Bf4 Nh5 16. Bxd6 Bf5 17. e4 Bg4 18.
e5 Nc6 19. Rbd1 Rc8 20. h3 Nxe5 21. Nxe5 Bxd1 22. Qxd1 Re6 23. Nxf7 $1 $18 {
Baburin,A-Anagnostopoulos,D/Port Erin op/1999/}) 14. e4 e6 15. dxe6 Bxe6 16.
Bf4 Rbd8 17. Nd5 Nxd5 18. cxd5 Bd7 19. b4 $1 c4 $2 (19... cxb4 $8 20. Rec1 $36)
20. Rec1 $1 Rc8 21. Qa3 Nb3 22. Rxb3 cxb3 23. Rxc7 Rxc7 24. Qxb3 Rc3 25. Qa2
Rxe4 26. h3 Rxb4 27. Qe2 Bf8 28. Ng5 $18 {Pert,N-Kiseleva,N/Port Erin op/2003/}
) 13. Bd2 b6 14. Ne4 {This doesn't seem too natural, but it stops Black's main
idea Ne5.} (14. e4 Ne5 $5 (14... Nb7 15. Qc2 Ne5 16. Nh4 $5 {[%csl Gc4,Gd5,Ge4]
()[+]}) 15. Nxe5 (15. Qc2 b5 $132) 15... dxe5 16. a3 Nb7 (16... Qc7 $5 $13) 17.
b4 Qc7 18. Be3 Bd7 $132) (14. a4 Ne5 15. Qc2 Bf5 16. e4 Nxf3+ 17. Bxf3 Bd7 {
[%cal Ye7e5] /\e5=}) 14... Nf6 $5 (14... b5 15. Bc3 Nf6 16. Ned2 $5 $14 {
/\e4-e5}) 15. Nxf6+ exf6 {Black has compromised his P-structure, but on the
other hand White's [+] is much more difficult.} 16. Bc3 (16. e4 f5 $11) 16...
Bd7 (16... f5 $5) 17. Nd2 (17. Qd2 f5 $1 $11) (17. e4 $142 $5 b5 (17... f5 $6
18. Bxg7 Kxg7 19. e5 $16) 18. Qd2 b4 (18... Nb7 19. Nh4 {[%cal Yf2f4,Yh4f3] /
\f4,Nf3+/=}) 19. Bb2 $14) 17... b5 18. e3 b4 19. Ba1 Nb7 20. f4 $6 (20. e4 $142
f5 21. Bxg7 Kxg7 22. Re3 Qf6 23. Rbe1 Re7 $5 $132 {/=}) 20... f5 $11 {Although
the Nb7 is still not ideally placed, Black is ready to meet White's only
active try e4 with simplification.} 21. Re2 (21. Bxg7 Kxg7 22. e4 Qf6 23. exf5
Bxf5 24. Be4 Bd7 {is similar to the game.}) 21... Bxa1 22. Rxa1 Qf6 23. Rae1
Re7 24. e4 Rbe8 25. Kf2 a5 $1 (25... fxe4 26. Nxe4 Qg7 {was probably also
possible, but leaving it to White to open the position is even stronger.
Black's position is already somewhat more pleasant to play.}) 26. exf5 (26. Bf3
a4 $15) 26... Bxf5 27. Be4 Bd7 $5 (27... Bg4 28. Bf3 (28. Re3 $2 Qd4 $1 $17)
28... Bf5 $11) 28. Bf3 (28. Kg2 Qc3 $36) 28... Rxe2+ 29. Rxe2 Rxe2+ 30. Qxe2
Kf8 (30... a4 $5 31. Ne4 Qa1 $15) 31. Ne4 Qd4+ 32. Kg2 Bf5 33. Ng5 $6 (33. Nf2
{/\} a4 34. Bg4 $132) 33... h6 (33... Bd3 34. Qe1 (34. Nxh7+ $2 Kg7 35. Qe7
Kxh7 36. Qxb7 (36. Qxf7+ Qg7 $19) 36... Qb2+ 37. Kh3 Bf1+ 38. Kg4 Qg7 $1 39. f5
Qd4+ 40. Kg5 Qe3+ 41. Kf6 (41. Kg4 Kh6 $1 $19) 41... Qe5+ 42. Kxf7 Qg7+ $19)
34... h6 $36) 34. Ne6+ $2 (34. Ne4 $142 $15) 34... fxe6 35. dxe6 Ke7 $6 ({
Black doesn't want to bother with the implications of keeping the extra piece:
} 35... d5 $1 36. e7+ Ke8 37. Bxd5 Nd6 38. Bc6+ Bd7 $17) 36. Bxb7 Qd3 {[%csl
Ra2,Rb3] The point-after the exchange of Q the <<P will be vulnerable. However,
White misses the best defence, presumably in time-trouble.} 37. Qf2 $2 $138 (
37. Qb2 Qc2+ 38. Qxc2 Bxc2 39. Bc6 Bb1 40. Ba4 Bxa2 $19) (37. Qe1 Qc2+ 38. Kg1
(38. Kf3 Qxa2 39. Qe3 Bc2 $19) 38... Qb1 $19) (37. Kf2 $142 $1 Qxe2+ 38. Kxe2
$11 {/\} Bb1 39. Kd2 Bxa2 $6 40. Kc2 a4 41. bxa4 Bxc4 42. a5 Kxe6 43. a6 Bxa6
44. Bxa6 {and it's Black, who has to fight for a draw.}) 37... Qc2 38. Bc6 $2 {
This loses immediately, but the game was beyond saving.} (38. Qxc2 {-37.Qb2})
38... Bh3+ $1 39. Kf3 Qd3+ 40. Qe3 Bg2+ $1 (40... Qd1+ 41. Qe2 Bg4+ $19) (40...
Bg2+ 41. Kxg2 (41. Kf2 Qf1#) 41... Qxe3 $19) 0-1

[Event "Corus"]
[Site "Wijk aan Zee"]
[Date "2001.01.23"]
[Round "9"]
[White "Van Wely, Loek"]
[Black "Fedorov, Alexei"]
[Result "1/2-1/2"]
[WhiteElo "2700"]
[BlackElo "2575"]
[Annotator "Stohl,I"]
[PlyCount "129"]
[EventDate "2001.01.13"]
[EventType "tourn"]
[EventRounds "13"]
[EventCountry "NED"]
[EventCategory "19"]
[SourceTitle "CBM 081"]
[Source "ChessBase"]
[SourceDate "2001.03.20"]
[SourceVersion "1"]
[SourceVersionDate "2001.03.20"]
[SourceQuality "1"]

1. d4 Nf6 2. c4 g6 3. Nf3 Bg7 4. g3 O-O 5. Bg2 d6 6. O-O Nc6 7. Nc3 a6 8. h3
Bd7 9. e4 e5 10. Be3 exd4 11. Nxd4 Re8 12. Rc1 {White doesn't change the pawn
structure and to tries to contain Black's <=> and make the most of his (). But
even after Van Wely's move Black has enough activity to hold the balance.} ({
Some time ago White's attempts for an opening edge were connected with} 12.
Nxc6 bxc6 $142 $1 (12... Bxc6 13. Qc2 b5 14. Rfd1 Qc8 15. c5 b4 16. Nd5 Bxd5 (
16... Nxd5 17. exd5 Bd7 18. Kh2 a5 19. Qd2 Ba4 20. Re1 Qf5 21. Bd4 dxc5 22.
Bxg7 Kxg7 23. Rec1 Qf6 24. Rxc5 $14 {Fominyh,A-Morozevich,A/Omsk-Perm RUS Cup/
1998/}) 17. exd5 Rxe3 $5 18. fxe3 Qe8 19. Qf2 Nd7 20. c6 Nc5 21. Rd4 Qe7 22.
Rad1 a5 23. Rc4 Bh6 24. e4 Bg7 25. Bf3 b3 26. axb3 Rb8 27. b4 axb4 28. Kg2 b3
29. Rd2 Be5 $44 {Fominyh,A-Korotylev,A/Moscow/1999/}) {After less enterprising
moves Black plays c5 himself with at least comfortable equality.} 13. Qd2 ({
Ambitious, but insufficient is} 13. c5 Qc8 $1 14. g4 (14. Kh2 d5 $5 $36) 14...
h5 15. g5 Nh7 16. h4 (16. Kh2 d5 $1 17. Qd2 Rb8 18. Rad1 Rb4 19. a3 Rc4 20. f4
d4 21. Ne2 dxe3 22. Qxd7 Qxd7 23. Rxd7 Bxb2 24. Rd3 Rxc5 25. Rxe3 Rd8 $17 {
Marin,M-Socko,B/EU-chT Batumi/1999/}) 16... Bh3 17. cxd6 cxd6 18. f3 Bxg2 19.
Kxg2 Bxc3 $1 20. bxc3 d5 21. Bf2 dxe4 22. Re1 Rb8 $15 {Stohl,I-Shirov,A/EU-chT
Batumi/1999/}) 13... Qc8 14. Kh2 Rb8 15. b3 c5 16. Rae1 a5 17. Bh6 Bxh6 18.
Qxh6 Re5 19. Qf4 Kg7 20. Nd5 Nxd5 21. exd5 Qe8 22. Qd2 a4 23. Qc3 f6 24. f4
Rxe1 25. Rxe1 Qd8 $11 {Ulak,S-Antoniewski,R/POL-chT Suwalki/1999/}) ({Black
has little to fear also after} 12. Re1 Qc8 (12... Rb8 $5 13. Rc1 Nxd4 14. Bxd4
Be6 15. b3 c5 16. Be3 b5 17. cxb5 axb5 18. e5 dxe5 19. Bxc5 b4 20. Na4 Bd5 $11
{Skatchkov,P-Kabanov,N/Nizhnij Novgorod/1999/}) 13. Kh2 Ne5 14. b3 c5 15. Nde2
b5 16. Qxd6 b4 17. Nd5 Nxd5 18. Qxd5 Bc6 19. Qxc5 Nd3 20. Qd6 (20. Qa5 Re5 21.
Qb6 Rb8 22. Qa7 Nxe1 23. Rxe1 Ra5 24. Bf4 Rb7 25. Qe3 Qd8 26. e5 Bxg2 27. Kxg2
Re7 $17 {Zhidkov,V-Zakharstov,V/Tula/2000/}) 20... Nxe1 21. Rxe1 Qb7 22. Nf4
Rad8 23. Qc5 $13 {/=/+,Skatchkov,P-Fedorov,A/Krasnodar/1998/}) 12... Nxd4 {
The most direct continuation.} (12... Rb8 $5 13. a4 Nxd4 14. Bxd4 c5 15. Be3
Bc6 16. Qc2 b5 17. axb5 axb5 $132 {Birnbaum,W-Grahl,A/LL 9900/2000/}) (12... h5
$6 13. Nxc6 Bxc6 14. Bg5 $1 Qd7 15. Re1 Nh7 16. Bf4 Re7 17. Qd2 Rae8 18. Nd5
Bxd5 19. cxd5 f5 20. exf5 Qxf5 21. Re3 $1 Nf6 22. Qc2 Rxe3 23. Bxe3 $16 {
[%csl Rc7,Ge3,Gg2] ^^,><c7,Stangl,M-Lanka,Z/Nettetal/1992/}) ({Here the
sequence as after 12.Re1 is not so promising:} 12... Ne5 13. b3 Qc8 14. Kh2 c5
15. Nde2 b5 $6 16. Qxd6 b4 17. Nd5 Nxd5 18. cxd5 $5 Nd3 19. Rxc5 $1 $36) 13.
Bxd4 c5 14. Be3 Bc6 15. f3 (15. Qd3 $5 b5 16. Rfe1 bxc4 (16... Qd7 $142 $11)
17. Qxc4 Nd7 18. b3 Qa5 19. Red1 Ne5 20. Qe2 Rad8 21. Nd5 Bxd5 22. Rxd5 Nc6 23.
Rcd1 Qc7 24. Qc4 Qe7 25. h4 a5 26. Qa4 $14 {Lerner,K-Lanka,Z/Oberwart op/1998/}
) 15... b5 16. b3 $146 (16. Rf2 Qe7 17. Rd2 Rad8 18. b3 bxc4 19. bxc4 Qc7 20.
Ne2 Nd7 21. Bf2 Ne5 22. f4 $6 Nd7 23. Nc3 {1/2,Campos Gambuti,L-Eslon,J/
Mislata/2000/} Bxc3 $1 24. Rxc3 Nf6 $40 {[%csl Re4] ><e4}) 16... b4 ({Even
more flexible was} 16... Qc7 $13) ({or} 16... Qe7 $5 {[%cal Yf6d7,Yd7e5] /
\Nd7-e5 Black can switch to the b4, a5-a4 plan even later.}) 17. Ne2 a5 18. Rc2
Qc7 19. Rd2 Red8 20. Qc2 (20. g4 a4 21. Ng3 axb3 22. axb3 Nd7 $1 $132 {[%cal
Yd7f8,Yf8e6] /\Nf8-e6}) 20... a4 21. Rfd1 Qe7 22. Rd3 Ra5 23. Qd2 axb3 24. axb3
Ne8 $132 {[%csl Rb3][%cal Ga5a1] <->a,><b3 Black's strategy has been a success,
his position has only one weakness (><d6) and White is too occupied by the
open <->a and his slightly shaky >> to make any use of it.} 25. Bg5 f6 (25...
Bf6 $143 26. h4 $1 $36) 26. Bf4 Bf8 27. h4 Rda8 28. g4 Ra2 29. Qe3 Rb2 30. R1d2
Rb1+ 31. Kh2 ({Safer was} 31. Rd1 $142 Raa1 $5 (31... Rb2 $11) 32. Rxb1 Rxb1+
33. Kh2 Qa7 $13) 31... Ra3 32. Ng3 Qa7 33. g5 {Otherwise White has hardly any
active plan, but now the position opens up for Black's pieces as well.} fxg5
34. Bxg5 $6 (34. hxg5 $1 Bg7 35. e5 $132) 34... Bg7 $40 35. Bh3 (35. Ne2 Qf7
$36 36. Bf4 $2 Bd4 $1 37. Nxd4 cxd4 38. Rxd4 Rbxb3 $19) 35... Qf7 36. Ne2 Re1
$1 {[%cal Ra3a1] /\Raa1} (36... Be5+ 37. f4 Bg7 38. h5 gxh5 $15) 37. Rd1 Rxd1 (
37... Be5+ 38. Kg2 (38. f4 Bxf4+ 39. Bxf4 Rxe2+ 40. Qxe2 Qxf4+ $17) 38... Bd4
39. Qd2 Rxd1 40. Qxd1 Ra1 41. Qd2 $132) 38. Rxd1 Ra2 39. Kg3 h6 $1 (39... Be5+
40. Kg2 Nc7 41. Rd2 {/\} Rxd2 42. Qxd2 Ne6 43. Bxe6 Qxe6 44. Nf4 $11) 40. Bf4
Kh7 41. Rd2 Ra3 42. Kg2 (42. Rd3 Qe7 43. Qd2 Be5 $1 $17 {[%csl Rg3] עg3})
42... Bc3 43. Nxc3 Rxb3 44. Rc2 Rxc3 $6 (44... Qxc4 45. Bxh6 bxc3 {[%cal Rb3b2]
/\Rb2-+} 46. h5 $5 gxh5 47. Bf5+ Kh8 48. Bf4 $13 Ng7 49. Be5 dxe5 50. Qh6+ Kg8
51. Bh7+ Kf7 52. Qg6+ Kf8 53. Qd6+ $11) (44... bxc3 $1 45. Bxh6 Rb2 $17) 45.
Rxc3 bxc3 46. Bxh6 c2 (46... Qxc4 47. h5 (47. Bg5 c2 48. Qd2 $17) 47... gxh5
48. Bf5+ $132) 47. h5 $1 Ng7 (47... gxh5 48. Bf5+ Kh8 49. Qb3 Ng7 50. Qxc2 Nxf5
51. exf5 $11) 48. hxg6+ Qxg6+ 49. Bg5 $11 {Now c1 is well protected and
Black's K is exposed just as White's. White saves the game in a ^- _|_.} Be8
50. Bf5 $1 Nxf5 51. exf5 Qxf5 52. Qe4 Bg6 (52... Qxe4 53. fxe4 Bc6 54. Kf3 $11)
53. Qe7+ (53. Qxf5 $143 Bxf5 54. Kf2 Kg6 $17) 53... Bf7 (53... Kg8 $2 54. Bf6
Qxf6 55. Qxf6 c1=Q 56. Qxg6+ $14) 54. Qe4 Kg6 55. Bc1 Qxe4 56. fxe4 Bxc4 57.
Kf3 Ba6 (57... Bd3 58. Ke3 c4 59. Kd4 Kf6 60. Kd5 $11) 58. Ke3 Bb7 59. Kd3 Kf6
60. Bf4 Ke6 61. Kxc2 Bxe4+ 62. Kc3 d5 63. Be3 d4+ (63... Kd6 64. Bg1 $11 {
and White draws simply by shuffling his B on the g1-e3 squares.}) 64. Bxd4
cxd4+ 65. Kxd4 1/2-1/2